| 000 | 00447nab a2200145Ia 4500 | ||
|---|---|---|---|
| 003 | ES-SlBCS | ||
| 005 | 20210601132052.0 | ||
| 008 | 140529s1999 xxu||||| |||| 00| 0 ger d | ||
| 041 | _ager | ||
| 100 | 1 |
_aWerner, Gitta _9191373 |
|
| 245 | 0 | 0 |
_aEthik oder Religion? Ersatz füt den Religionsunterricht _c Gitta Werner |
| 650 | 0 | 4 |
_aÉtica-Religión _9161183 |
| 773 | 0 |
_tNeue Ordnung (Die) _gvol. 53, nº. 1, 1999, págs. 98-107 _wRev294 |
|
| 942 | _cAR | ||
| 999 |
_c573766 _d573766 |
||